[Event "London Classic op U1600 11th"]
[Site "London"]
[Date "2019.12.01"]
[Round "5"]
[White "Kothari, Jai"]
[Black "Whittome, Anthony"]
[Result "1-0"]
[WhiteElo "1122"]
[BlackElo "1231"]
[PlyCount "53"]
[EventDate "2019.11.29"]
[EventType "swiss"]
[EventRounds "5"]
[EventCountry "ENG"]
[SourceTitle "CBM 195 Extra"]
[Source "ChessBase"]
[SourceDate "2020.05.31"]
[SourceVersion "1"]
[SourceVersionDate "2020.05.31"]
[SourceQuality "1"]

1. e4 c5 2. Nf3 d6 3. d4 cxd4 4. Nxd4 Nf6 5. Nc3 a6 6. Be3 Bd7 7. Bd3 Nc6 8. Nf3 g6 9. h3 Bg7 10. 0-0 0-0 11. Qd2 b5 12. Bh6 b4 13. Nd5 Nxd5 14. exd5 Ne5 15. Nxe5 Bxh6 16. Qxh6 dxe5 17. f4 Qb6+ 18. Kh1 Qd4 19. fxe5 Qxd5 20. Rfe1 Qe6 21. b3 Rac8 22. Rad1 a5 23. Bc4 Qc6 24. Rd4 Be6 25. Rf1 Bxc4 26. Rxc4 Qd5 27. Rh4 1-0

[Event "London Classic U1600 op 10th"]
[Site "London"]
[Date "2018.12.15"]
[Round "3"]
[White "Whittome, Anthony"]
[Black "Shatil, Shir"]
[Result "0-1"]
[WhiteElo "1390"]
[BlackElo "1517"]
[PlyCount "54"]
[EventDate "2018.12.14"]
[EventType "swiss"]
[EventRounds "5"]
[EventCountry "ENG"]
[SourceTitle "CBM 187 Extra"]
[Source "ChessBase"]
[SourceDate "2018.11.04"]
[SourceVersion "1"]
[SourceVersionDate "2018.11.04"]
[SourceQuality "1"]

1. e4 e6 2. d4 d5 3. Nc3 Nf6 4. e5 Nfd7 5. f4 c5 6. Nf3 Nc6 7. Be3 a6 8. Be2 b5 9. 0-0 cxd4 10. Nxd4 Bc5 11. Kh1 Qb6 12. Nxc6 Bxe3 13. Nb4 Bb7 14. f5 d4 15. fxe6 Qxe6 16. Bg4 Qc4 17. a3 Nxe5 18. Be2 Qe6 19. Nca2 0-0 20. Nd3 Nxd3 21. Bxd3 Qd5 22. Qe2 Qe6 23. Nb4 Qh6 24. Qg4 a5 25. Na2 Rae8 26. Nc1 Re5 27. h4 Rg5 0-1